| 000 | 02198cam a2200169 4500500 | ||
|---|---|---|---|
| 005 | 20260329013449.0 | ||
| 041 | _afre | ||
| 042 | _adc | ||
| 100 | 1 | 0 |
_aGiroux, Bruno _eauthor |
| 245 | 0 | 0 | _aSortie de piste |
| 260 | _c2026. | ||
| 500 | _a65 | ||
| 520 | _aPlusieurs travaux récents en cosmologie, physique, anthropologie cognitive, paléontologie, neurosciences, économie et histoire font l’hypothèse du caractère général de la course à la puissance tant dans les processus physiques, biologiques que sociaux, ce qui semble les conduire au diagnostic d’une inévitabilité de la catastrophe écologique. Même si cette hypothèse – qui a toutes les apparences d’un fatalisme – reste évidemment discutable, nous pensons qu’elle n’interdit pas toutefois en elle-même la possibilité d’une inflexion volontariste des trajectoires énergétiques humaines. Mieux : ce serait en l’assumant, dès le départ, en conscience et en connaissance de cause, que nous pourrions nous donner des prises plus lucides, à différentes échelles, et donc aussi plus effectives à moyen terme sur nos pratiques d’exploration et d’exploitation des énergies et des ressources. | ||
| 520 | _aSeveral recent works in the fields of cosmology, physics, cognitive anthropology, palaeontology, the neurosciences, economics, and history make the hypothesis of the general character of a race for power in physical, biological and social processes, which appears to lead them to a diagnosis on the inescapability of ecological disaster. Even though this hypothesis — which looks much like fatalism — may clearly be disputed, we believe that it does not exclude the possibility of a voluntarist inflexion of human energy trajectories. Better still: only by accepting it from the start, consciously and with a clear view of the facts could we acquire a more lucid, and thus a more effective grip on different scales in the middle term on our practices of prospection and exploitation of energies and resources. | ||
| 786 | 0 | _nPANARD | 9 | 1 | 2026-02-19 | p. 104-113 | 2824-0391 | |
| 856 | 4 | 1 | _uhttps://shs.cairn.info/revue-panard-2026-1-page-104?lang=fr&redirect-ssocas=7080 |
| 999 |
_c1880438 _d1880438 |
||